000 00977nam a2200397Ia 4500
001 8737
005 20240113234130.0
007 ta
008 050721s1965 a g b000 u eng u
020 _cPB
040 _aCotton College Asaam
041 _aeng
082 _a150
_bV 234 P
082 _a370.15
_bV 234 P
100 _aValentine, C.W. .
245 0 _aPsychology and its Bearing on Education /
_cC.W. Valentine.
_hTextual Documents
250 _a2nd ed. /
260 _aLondon :
_bMethuen & Co Ltd ,
_c1965.
300 _axviii, 673p. :
_bill. ;
_c18cm .
504 _aIndex
653 _aEducational Psychology
653 _aPsychology
653 _aMS-Education
653 _aPG-Education
653 _aG-Philosophy
653 _aT/G-Education
942 _2ddc
_cBK
999 _c8724
_d8724